| 000 -LEADER |
| fixed length control field |
00818nam a2200217Ia 4500 |
| 001 - CONTROL NUMBER |
| control field |
3040 |
| 003 - CONTROL NUMBER IDENTIFIER |
| control field |
GE_BSU |
| 008 - FIXED-LENGTH DATA ELEMENTS--GENERAL INFORMATION |
| fixed length control field |
181216s||||||||xx |||||||||||||| ||und|| |
| 020 ## - INTERNATIONAL STANDARD BOOK NUMBER |
| International Standard Book Number |
5862252932 |
| 040 ## - CATALOGING SOURCE |
| Transcribing agency |
GE_BSU |
| 080 ## - UNIVERSAL DECIMAL CLASSIFICATION NUMBER |
| Universal Decimal Classification number |
336.01 |
| 245 ## - TITLE STATEMENT |
| Title |
Количественные методы финансового анализа = Quantiitativt Methodesfor Financial Analysis |
| 245 ## - TITLE STATEMENT |
| Statement of responsibility, etc. |
под. редакцией: Стивена ДЖ. Брауна и Марка. П. Крицмена; Пер. с англ.: О.А. Осипова, И.В. Ульянцева.. |
| 260 ## - PUBLICATION, DISTRIBUTION, ETC. |
| Place of publication, distribution, etc. |
Москва |
| 260 ## - PUBLICATION, DISTRIBUTION, ETC. |
| Name of publisher, distributor, etc. |
ИНФРА-М |
| 260 ## - PUBLICATION, DISTRIBUTION, ETC. |
| Date of publication, distribution, etc. |
1996 |
| 300 ## - PHYSICAL DESCRIPTION |
| Extent |
336 ст. 22см. |
| 653 ## - INDEX TERM--UNCONTROLLED |
| Uncontrolled term |
Количественные методы финансового анализа |
| 942 ## - ADDED ENTRY ELEMENTS (KOHA) |
| Koha item type |
წიგნი |